000 00698nam a22002417a 4500
005 20170124105916.0
010 _aB-031241
020 _c00.00
_a8187317787
035 _aB-031241
037 _bCen Lib/Ret
040 _aDPL
_bEN
082 _a005.754
_bFER
100 _aFrenandes, Ashwin
_9106583
245 _aData management technology /
_cby Ashwin frenandes
246 _b
260 _bRajat Publications
_c2000
_a Delhi
270 _b Delhi
_a4837/24, Ansari road, Daryaganj
_e110002
300 _a271p.
_c22cm(Hb)
500 _aIncludes index
650 _aComputer science
_9106584
650 _aData management
_92554
942 _2ddc
_cEN
_h005.754
_mFER
999 _c122829
_d122829